00257nam a2200109Ia 4500100003100000654001300031245003600044260003100080082001600111300000800127546001200135 aRees/Paul K/Sparks/Fred W  acalculus aCalculus With analytic Geometry bMcGraw HillaNewyorkc1969 a515.15bRee a617 aENGLISH